All Masked Singer (Germany) masks - Statistics

General Stats
  • This quiz has been taken 65 times
  • The average score is 41 of 95
Answer Stats
Answer % Correct
Schmetterling
67%
Grashüpfer
60%
Zebra
60%
Alien
53%
Astronaut
53%
Engel
53%
Faultier
53%
Flamingo
53%
Klaus Claus
53%
Krokodil
53%
Monster
53%
Monstronaut
53%
Mops
53%
Mülli Müller
53%
Oktopus
53%
Raupe
53%
Schwein
53%
Skelett
53%
Werwolf
53%
Zahnfee
53%
Alpaka
47%
Anubis
47%
Biene
47%
Dinosaurier
47%
Discokugel
47%
Eichhörnchen
47%
Einhorn
47%
Floh
47%
Goldi
47%
Gorilla
47%
Göttin
47%
Hammerhai
47%
Heldin
47%
Igel
47%
Kudu
47%
Küken
47%
Maulwurf
47%
Mustang
47%
Nilpferd
47%
Phönix
47%
Robodog
47%
Roboter
47%
Schildkröte
47%
Schuhschnabel
47%
Teddy
47%
Wuschel
47%
Axolotl
40%
Black Mamba
40%
Brokkoli
40%
Chamäleon
40%
Chili
40%
Couch potato
40%
Dalmatiner
40%
Dornteufel
40%
Eisprinzessin
40%
Erdmännchen
40%
Fledermaus
40%
Frosch
40%
Hase
40%
Hummer
40%
Kakerlake
40%
Katze
40%
Kiwi
40%
Leopard
40%
Lulatsch
40%
Okapi
40%
Panther
40%
Pfeife
40%
Rosty
40%
Seepferdchen
40%
Seestern
40%
Stier
40%
Stinktier
40%
Toast
40%
Walross
40%
Waschbär
40%
Zuckerwatte
40%
Baby Löwe
33%
Brilli
33%
Drache
33%
Elgonia
33%
Feuerlöscher
33%
Galax'Sis
33%
Känguru
33%
Koala
33%
Mystica
33%
Pilz
33%
Troll
33%
Flip Flops
27%
Frotteefant
27%
Marsmaus
27%
Möwe
27%
Ork
27%
Quokka
27%
Kadaku
7%
No matching quizzes found
Score Distribution
Percent of People with Each Score
Percentile by Number Answered
Your Score History
You have not taken this quiz